[Event "POL-chT 2nd League"]
[Site "Jastrzebia Gora"]
[Date "2022.09.11"]
[Round "9.80"]
[White "Pancewicz, Szymon"]
[Black "Chalupnik, Marcin"]
[Result "0-1"]
[WhiteElo "1850"]
[BlackElo "2135"]
[PlyCount "58"]
[EventDate "2022.09.03"]
[EventType "team-swiss"]
[EventRounds "9"]
[EventCountry "POL"]
[SourceTitle "CBM 210 Extra"]
[Source "ChessBase"]
[SourceDate "2022.11.30"]
[SourceVersion "1"]
[SourceVersionDate "2022.11.30"]
[SourceQuality "1"]
[WhiteTeam "Warszawa Czternastka"]
[BlackTeam "Warszawa YMCA"]
[WhiteTeamCountry "POL"]
[BlackTeamCountry "POL"]

1. e4 c5 2. Nf3 d6 3. d4 cxd4 4. Nxd4 Nf6 5. Nc3 g6 6. Be3 Bg7 7. f3 0-0 8. Qd2 Nc6 9. Bc4 Nd7 10. 0-0-0 Nb6 11. Bb3 Na5 12. Kb1 Nbc4 13. Bxc4 Nxc4 14. Qd3 Nxe3 15. Qxe3 Bd7 16. g4 b5 17. h4 b4 18. Nce2 Qb6 19. Qg1 Rfc8 20. h5 Rc4 21. hxg6 hxg6 22. b3 Rc7 23. Qh2 Rac8 24. Qh4 Qc5 25. Rd2 Qe5 26. Ng3 Rxc2 27. f4 Qxd4 28. Rxd4 Bxd4 29. Nf5 Bxf5 0-1

[Event "Warsaw YMCA Winter-A 224th"]
[Site "Warsaw"]
[Date "2020.01.17"]
[Round "2"]
[White "Chalupnik, Marcin"]
[Black "Derylo, Kamil"]
[Result "1/2-1/2"]
[WhiteElo "2165"]
[BlackElo "2099"]
[PlyCount "80"]
[EventDate "2020.01.10"]
[EventType "tourn"]
[EventRounds "13"]
[EventCountry "POL"]
[SourceTitle "CBM 195 Extra"]
[Source "ChessBase"]
[SourceDate "2020.05.31"]
[SourceVersion "1"]
[SourceVersionDate "2020.05.31"]
[SourceQuality "1"]

1. c4 Nf6 2. Nc3 e5 3. g3 d5 4. cxd5 Nxd5 5. Bg2 Nb6 6. Nf3 Nc6 7. 0-0 Be7 8. d3 0-0 9. a3 Be6 10. b4 f6 11. Bb2 Qd7 12. Rc1 a5 13. b5 Na7 14. a4 c6 15. bxc6 Nxc6 16. Nb5 Rac8 17. Nd2 Rfd8 18. Ne4 Nb4 19. Rxc8 Rxc8 20. f4 N6d5 21. fxe5 Ne3 22. Qb1 Nxf1 23. Qxf1 fxe5 24. Bxe5 Nd5 25. Qa1 Bc5+ 26. Nxc5 Rxc5 27. Qd4 Rc1+ 28. Kf2 Rc2 29. Nd6 Nc3 30. Bf3 Nxe2 31. Bxe2 Bg4 32. Qd5+ Kf8 33. Qxa5 Rxe2+ 34. Kf1 Ra2 35. Qa8+ Ke7 36. Qg8 Rxa4 37. Qf7+ Kd8 38. Qf8+ Kc7 39. Qf2 Ra1+ 40. Bxa1 Qxd6 1/2-1/2

[Event "POL-chT 2nd League"]
[Site "Jastrzebia Gora"]
[Date "2018.09.09"]
[Round "9.5"]
[White "Chalupnik, Marcin"]
[Black "Lisowski, Krzysztof"]
[Result "1/2-1/2"]
[WhiteElo "2188"]
[BlackElo "2061"]
[PlyCount "163"]
[EventDate "2018.09.01"]
[EventType "team-swiss"]
[EventRounds "9"]
[EventCountry "POL"]
[SourceTitle "CBM 186 Extra"]
[Source "ChessBase"]
[SourceDate "2018.08.24"]
[SourceVersion "1"]
[SourceVersionDate "2018.08.24"]
[SourceQuality "1"]
[WhiteTeam "Warszawa YMCA"]
[BlackTeam "Ostroda Ostrodzianka"]
[WhiteTeamCountry "POL"]
[BlackTeamCountry "POL"]

1. e4 c5 2. Nf3 Nc6 3. d4 cxd4 4. Nxd4 Nf6 5. Nc3 e5 6. Ndb5 d6 7. Bg5 a6 8. Na3 b5 9. Nd5 Be7 10. Nxe7 Nxe7 11. Bd3 Bb7 12. Qe2 Nd7 13. c4 b4 14. Nc2 a5 15. 0-0 0-0 16. Rfd1 Nc5 17. b3 f6 18. Bd2 Ra7 19. f3 Qa8 20. Rab1 f5 21. Be3 fxe4 22. Bxe4 Bxe4 23. fxe4 Nxe4 24. Bxa7 Qxa7+ 25. Qe3 Qxe3+ 26. Nxe3 Nc3 27. Ra1 Nxd1 28. Rxd1 Rd8 29. Nd5 Nc6 30. Kf2 Kf7 31. Ke3 Ke6 32. Rf1 Rc8 33. Ke4 Ne7 34. Nxe7 Kxe7 35. Rd1 Rc5 36. Rf1 a4 37. Rf3 Ra5 38. Rh3 h6 39. Rg3 Kf6 40. h4 axb3 41. axb3 Ra1 42. h5 Rd1 43. Rf3+ Ke6 44. Rf8 Re1+ 45. Kd3 Rb1 46. Kc2 Rg1 47. Rb8 Rxg2+ 48. Kd3 Rg3+ 49. Kc2 Rg2+ 50. Kd3 Rg3+ 51. Kc2 Rc3+ 52. Kb2 Rh3 53. Rxb4 Rxh5 54. Rb8 Rg5 55. b4 Kd7 56. b5 Kc7 57. Rh8 e4 58. Kc3 Re5 59. Kd2 e3+ 60. Ke2 Kb6 61. Rc8 Rc5 62. Rb8+ Ka5 63. Ra8+ Kb6 64. Ra6+ Kb7 65. Rxd6 Rxc4 66. Rg6 Rc7 67. Kxe3 Rd7 68. Ke4 Kc7 69. b6+ Kd8 70. Ke5 Ke8 71. Rc6 Kd8 72. Rg6 Kc8 73. Rc6+ Kb7 74. Rg6 Re7+ 75. Kd6 Rf7 76. Ke6 Rf1 77. Rxg7+ Kxb6 78. Rh7 Rh1 79. Kf5 Kc5 80. Kg6 h5 81. Rxh5+ Rxh5 82. Kxh5 1/2-1/2

[Event "POL-chT 2nd League"]
[Site "Jastrzebia Gora"]
[Date "2018.09.03"]
[Round "4.7"]
[White "Chalupnik, Marcin"]
[Black "Kujawski, Adam"]
[Result "1/2-1/2"]
[WhiteElo "2188"]
[BlackElo "2209"]
[PlyCount "106"]
[EventDate "2018.09.01"]
[EventType "team-swiss"]
[EventRounds "9"]
[EventCountry "POL"]
[SourceTitle "CBM 186 Extra"]
[Source "ChessBase"]
[SourceDate "2018.08.24"]
[SourceVersion "1"]
[SourceVersionDate "2018.08.24"]
[SourceQuality "1"]
[WhiteTeam "Warszawa YMCA"]
[BlackTeam "Bydgoszcz"]
[WhiteTeamCountry "POL"]
[BlackTeamCountry "POL"]

1. e4 e5 2. Nf3 Nc6 3. Bb5 a6 4. Ba4 Nf6 5. d3 d6 6. c3 g6 7. 0-0 Bg7 8. Re1 0-0 9. Nbd2 Nd7 10. Bxc6 bxc6 11. d4 a5 12. dxe5 Nxe5 13. Nxe5 Bxe5 14. Nf3 Bg7 15. Bg5 Qd7 16. Qd2 f6 17. Bf4 Qf7 18. b3 c5 19. c4 a4 20. Qc2 g5 21. Be3 axb3 22. axb3 Rxa1 23. Rxa1 g4 24. Nh4 f5 25. Ra8 f4 26. Bc1 Bd4 27. Bb2 Qe7 28. Bxd4 cxd4 29. g3 Bb7 30. Nf5 Qxe4 31. Nh6+ Kg7 32. Qxe4 Bxe4 33. Rxf8 Kxf8 34. Kf1 fxg3 35. hxg3 Bc2 36. b4 Bd3+ 37. Ke1 Bxc4 38. Nxg4 Ke7 39. Kd2 Ke6 40. Nh2 Ba2 41. Nf3 Kd5 42. Kc2 Bc4 43. Ng5 h5 44. Kd2 Bb5 45. f4 c5 46. bxc5 dxc5 47. f5 Ke5 48. f6 Kxf6 49. Ne4+ Kf5 50. Nxc5 Kg4 51. Ne4 Bc6 52. Nf6+ Kg5 53. Nxh5 Kxh5 1/2-1/2

[Event "POL-chT 2nd League"]
[Site "Jastrzebia Gora"]
[Date "2018.09.02"]
[Round "3.1"]
[White "Barski, Radoslaw"]
[Black "Chalupnik, Marcin"]
[Result "1-0"]
[WhiteElo "2447"]
[BlackElo "2188"]
[PlyCount "53"]
[EventDate "2018.09.01"]
[EventType "team-swiss"]
[EventRounds "9"]
[EventCountry "POL"]
[SourceTitle "CBM 186 Extra"]
[Source "ChessBase"]
[SourceDate "2018.08.24"]
[SourceVersion "1"]
[SourceVersionDate "2018.08.24"]
[SourceQuality "1"]
[WhiteTeam "Nowy Sacz Sandecja"]
[BlackTeam "Warszawa YMCA"]
[WhiteTeamCountry "POL"]
[BlackTeamCountry "POL"]

1. e4 e6 2. d4 d5 3. Nd2 c5 4. Ngf3 Nc6 5. exd5 exd5 6. Bb5 Bd6 7. 0-0 Nge7 8. dxc5 Bxc5 9. Nb3 Bd6 10. Re1 0-0 11. Bg5 Bg4 12. Bh4 Re8 13. Bg3 Bxg3 14. hxg3 Qb6 15. a4 a6 16. Bxc6 Bxf3 17. Qxf3 bxc6 18. Qe3 Qc7 19. a5 Rab8 20. Re2 g6 21. Qd3 Qa7 22. Rae1 c5 23. Qc3 Rbc8 24. Qf6 Rc6 25. Rxe7 Rxf6 26. Rxe8+ Kg7 27. R1e7 1-0

[Event "POL-chT 1st League"]
[Site "Poronin"]
[Date "2017.09.07"]
[Round "6.1"]
[White "Chalupnik, Marcin"]
[Black "Nurkiewicz, Maciej"]
[Result "0-1"]
[WhiteElo "2176"]
[BlackElo "2365"]
[PlyCount "80"]
[EventDate "2017.09.02"]
[EventType "team-tourn"]
[EventRounds "9"]
[EventCountry "POL"]
[SourceTitle "CBM 180 Extra"]
[Source "ChessBase"]
[SourceDate "2017.10.06"]
[SourceVersion "1"]
[SourceVersionDate "2017.10.06"]
[SourceQuality "1"]
[WhiteTeam "Warsaw YMCA"]
[BlackTeam "Wrzos Miedzyborow"]
[WhiteTeamCountry "POL"]
[BlackTeamCountry "POL"]

1. e4 c6 2. c4 d5 3. cxd5 cxd5 4. exd5 Nf6 5. Nc3 Nxd5 6. d4 g6 7. Nf3 Bg7 8. Bc4 Nb6 9. Bb3 0-0 10. Be3 Nc6 11. h3 Na5 12. 0-0 Nxb3 13. axb3 Nd5 14. Bg5 Re8 15. Re1 Be6 16. Ne4 h6 17. Bh4 b6 18. Qd2 a5 19. Rac1 Nb4 20. Rc3 Qd5 21. Ne5 Rad8 22. Nf3 Nc6 23. Rd3 Bf5 24. Qe3 g5 25. Bg3 e5 26. Nc3 Qxb3 27. Rd2 exd4 28. Qxe8+ Rxe8 29. Rxe8+ Kh7 30. Ne4 Bd7 31. Ra8 f5 32. Nd6 f4 33. Bh2 Qd5 34. Nc8 Ne5 35. Nxb6 Nxf3+ 36. gxf3 Qb7 37. Rd8 Bc6 38. Nc4 Qe7 39. Rc8 Bxf3 40. Kf1 Qd7 0-1

[Event "POL-chT 1st League"]
[Site "Poronin"]
[Date "2017.09.02"]
[Round "1.1"]
[White "Nguyen, Piotr"]
[Black "Chalupnik, Marcin"]
[Result "1-0"]
[WhiteElo "2409"]
[BlackElo "2176"]
[PlyCount "60"]
[EventDate "2017.09.02"]
[EventType "team-tourn"]
[EventRounds "9"]
[EventCountry "POL"]
[SourceTitle "CBM 180 Extra"]
[Source "ChessBase"]
[SourceDate "2017.10.06"]
[SourceVersion "1"]
[SourceVersionDate "2017.10.06"]
[SourceQuality "1"]
[WhiteTeam "Pegow Wieza"]
[BlackTeam "Warsaw YMCA"]
[WhiteTeamCountry "POL"]
[BlackTeamCountry "POL"]

1. d4 d5 2. c4 Nc6 3. Nf3 Bg4 4. Nc3 e6 5. cxd5 exd5 6. Qb3 Bb4 7. Ne5 Bxc3+ 8. bxc3 Nxe5 9. dxe5 b6 10. e4 Ne7 11. Ba3 dxe4 12. Bb5+ Kf8 13. Bc6 Qd3 14. Bxe7+ Kxe7 15. Bb5 Qd8 16. Qb4+ c5 17. Qxe4 h5 18. 0-0 Qc7 19. h3 Be6 20. Rad1 Rhd8 21. Rd6 Kf8 22. Rfd1 g6 23. Qd3 Rxd6 24. exd6 Qb7 25. d7 Rd8 26. Qd6+ Kg7 27. Bc6 Qa6 28. Qe5+ Kh7 29. Qf6 Qe2 30. Bf3 Ra8 1-0

[Event "POL-chT 2nd League"]
[Site "Szczyrk"]
[Date "2014.09.12"]
[Round "7.46"]
[White "Chalupnik, Marcin"]
[Black "Kasperek, Ryszard"]
[Result "1-0"]
[WhiteElo "2215"]
[BlackElo "2189"]
[PlyCount "69"]
[EventDate "2014.09.06"]
[EventType "team-swiss"]
[EventRounds "9"]
[EventCountry "POL"]
[SourceTitle "EXT 2015"]
[Source "ChessBase"]
[SourceDate "2014.11.20"]
[SourceVersion "1"]
[SourceVersionDate "2014.11.20"]
[SourceQuality "1"]
[WhiteTeam "Warszawa YMCA"]
[BlackTeam "Debica Gryf"]
[WhiteTeamCountry "POL"]
[BlackTeamCountry "POL"]

1. e4 c5 2. Nf3 e6 3. d4 cxd4 4. Nxd4 a6 5. c4 Qc7 6. Nc3 Nf6 7. a3 Nc6 8. Be3 b6 9. Rc1 Nxd4 10. Bxd4 Bd6 11. Bd3 0-0 12. Bxf6 gxf6 13. Qh5 Qc5 14. Qh3 Qg5 15. 0-0 Bf4 16. e5 f5 17. Rce1 f6 18. Ne4 Qg6 19. Nxf6+ Rxf6 20. exf6 Bb7 21. Be2 e5 22. Rd1 Bc6 23. b4 b5 24. cxb5 axb5 25. Rd6 Kh8 26. Bh5 Qh6 27. Qxf5 Rg8 28. Rxc6 dxc6 29. f7 Rd8 30. g3 Qg7 31. Kh1 Bg5 32. Re1 Qf6 33. Qxf6+ Bxf6 34. f4 exf4 35. Re8+ 1-0